"Rabok legyünk vagy szabadok?" alsópapi követelések, különösképpen coelibatus kérdése 1848-ban Szegeden /

Elmentve itt :
Bibliográfiai részletek
Szerző: Nagy Andrea
További közreműködők: Zakar Péter (Témavezető)
Dokumentumtípus: Szakdolgozat
Megjelent: 1999
Tárgyszavak:
Online Access:http://diploma.bibl.u-szeged.hu/89626
LEADER 00696nta a2200193 i 4500
001 dipl89626
005 20230428132039.0
008 201116s1999 hu om 0|| hun d
040 |a SZTE Diploma Repozitórium  |b hun 
041 |a hun 
100 1 |a Nagy Andrea 
245 1 0 |a "Rabok legyünk vagy szabadok?"   |h [elektronikus dokumentum] :  |b alsópapi követelések, különösképpen coelibatus kérdése 1848-ban Szegeden /  |c Andrea Nagy 
260 |c 1999 
650 4 |a Pedagógusképzés 
650 4 |a Humanities 
650 4 |a History and archaeology 
650 4 |a History 
700 1 |a Zakar Péter  |e ths 
856 4 0 |u https://diploma.bibl.u-szeged.hu/id/eprint/89626/1/1999_nagy_andrea_02.pdf  |z Dokumentum-elérés